00590nam a22001457a 4500003000400000005001700004008004100021040001400062100002400076245018000100260001000280300002800290500009900318504002700417OSt20171010095458.0120720t xxu||||| |||| 00| 0 eng d aMMSUcULS aLlewelyn D. Cariaga aFormulation of wound healing ointment from banana (Musa paradisiaca L.) fruit ginger (Zingiber officinale) rhizome and mango (Mangifera indica L.) leaf cLlewelyn D. Cariaga  c2008  axv, 33 leaves c28 cm.  aThesis (BS Biology) -- Mariano Marcos State University-College of Arts & Sciences, Batac City  aBibliography: leaf 25